00611nam a22001817a 4500003000900000008004100009020002200050040007100072082002400143100002000167245002400187260005300211300004100264440005400305650002400359650002000383650002600403AR-CdUCM190426b ||||| |||| 00| 0 spa d a978-607-16-4242-4 aMUNICIPALIDAD PROVINCIAL DEL CUSCOcBIBLIOTECA MUNICIPAL DEL CUSCO aPI / 808.06 / bZ67 aZepeda, Monique aEn un mismo barco / aMéxico :bFondo de cultura económica,c2016. a36 paginas ;bIlustraciones,c29 cm. aColección los especiales a la orilla del viento aLiteratura infantil aArte recreativo aAventuras en el barco